[Event "Open Autunno"]
[Site "Ceriano Laghetto ITA"]
[Date "2006.11.21"]
[Round "3"]
[White "D'Odorico, Roberto"]
[Black "Lapiccirella, Mattia"]
[Result "0-1"]
[WhiteElo "1554"]
[BlackElo "2237"]
[PlyCount "52"]
[EventDate "2006.11.07"]

1. c4 c5 2. Nc3 e6 3. e4 Nc6 4. Nf3 Nf6 5. d4 cxd4 6. Nxd4 Bb4 7. Nxc6 bxc6 8.
Bd3 e5 9. Qc2 O-O 10. O-O a5 11. Bg5 h6 12. Bd2 d6 13. Rfd1 Be6 14. b3 Qe7 15.
Ne2 Bc5 16. h3 Nh5 17. Qc1 d5 18. cxd5 cxd5 19. Be3 Ba3 20. Qb1 d4 21. Bc1 Bb4
22. Bd2 Bxd2 23. Rxd2 Qg5 24. Rc2 Bxh3 25. g3 Qg4 26. Kh2 Qf3 0-1

[Event "Open Autunno"]
[Site "Ceriano Laghetto ITA"]
[Date "2006.11.21"]
[Round "3"]
[White "Fock, Giustino"]
[Black "Tomasetto, Mauro"]
[Result "0-1"]
[WhiteElo "1392"]
[BlackElo "1641"]
[PlyCount "68"]
[EventDate "2006.11.07"]

1. d4 Nf6 2. c4 c5 3. d5 b5 4. cxb5 a6 5. e3 axb5 6. Bxb5 Qa5+ 7. Nc3 Ne4 8.
Qd3 Nxc3 9. bxc3 g6 10. Ne2 Bg7 11. O-O O-O 12. Bd2 d6 13. a4 Nd7 14. Bxd7 Bxd7
15. c4 Qc7 16. Bc3 Rxa4 17. Bxg7 Kxg7 18. Qc3+ Kg8 19. Rab1 Rfa8 20. f4 Qa7 21.
h4 Qa5 22. Ra1 Rxa1 23. Ng3 Rxf1+ 24. Kxf1 Qa1+ 25. Qxa1 Rxa1+ 26. Kf2 Rc1 27.
h5 Rxc4 28. hxg6 hxg6 29. Kf3 f5 30. Ne2 Ba4 31. Ng1 Rc1 32. Nh3 c4 33. Nf2
Bd1+ 34. Kg3 Be2 0-1

[Event "Open Autunno"]
[Site "Ceriano Laghetto ITA"]
[Date "2006.11.21"]
[Round "3"]
[White "Mondini, Francesco"]
[Black "Gallavotti, Eugenio"]
[Result "0-1"]
[WhiteElo "1523"]
[BlackElo "1715"]
[PlyCount "46"]
[EventDate "2006.11.07"]

1. e4 c5 2. Nf3 a6 3. c3 Nc6 4. d3 e5 5. Be3 Nf6 6. Nbd2 d5 7. exd5 Nxd5 8. Nc4
Nxe3 9. Nxe3 Be7 10. Nc4 Qc7 11. Be2 b5 12. Ncd2 O-O 13. Qc2 Bg4 14. O-O Rad8
15. Nd4 Nxd4 16. cxd4 Bxe2 17. Rfe1 Bh5 18. Rxe5 Bg6 19. Rae1 Bd6 20. Rxc5 Bxc5
21. Qxc5 Qxc5 22. dxc5 Rxd3 23. Nf3 Rfd8 0-1

[Event "Open Autunno"]
[Site "Ceriano Laghetto ITA"]
[Date "2006.11.21"]
[Round "3"]
[White "Regorda, Vittorio"]
[Black "Greco, Umberto"]
[Result "1-0"]
[WhiteElo "1885"]
[BlackElo "1575"]
[PlyCount "101"]
[EventDate "2006.11.07"]

1. c4 c5 2. Nc3 Nc6 3. g3 g6 4. Bg2 Bg7 5. e4 e5 6. d3 d6 7. Nge2 Nge7 8. O-O
O-O 9. Bg5 Bg4 10. Nd5 f6 11. Be3 Nxd5 12. cxd5 Nd4 13. f3 Nxe2+ 14. Qxe2 Bd7
15. Qd2 b5 16. b4 cxb4 17. Qxb4 Qe7 18. Rfc1 a5 19. Qb2 Rfc8 20. Rxc8+ Rxc8 21.
Rc1 Rxc1+ 22. Qxc1 Qd8 23. a3 Qc8 24. Qxc8+ Bxc8 25. Bd2 a4 26. Kf2 Kf7 27. Ke2
Bf8 28. Kd1 Be7 29. Ba5 Ke8 30. Kc2 Bd8 31. Bb4 Kd7 32. Bh3+ f5 33. exf5 Ke8
34. Bxd6 Bf6 35. g4 g5 36. Bf1 Kd7 37. Bc5 Bb7 38. d4 Bxd5 39. Bxb5+ Bc6 40.
Bxc6+ Kxc6 41. Kd3 Kd5 42. dxe5 Bxe5 43. Be7 Bxh2 44. Bxg5 Bd6 45. Bc1 Be7 46.
f4 Bd6 47. g5 Bf8 48. Bb2 Bd6 49. Ke3 Bc5+ 50. Kf3 Bf8 51. g6 1-0

[Event "Open Autunno"]
[Site "Ceriano Laghetto ITA"]
[Date "2006.11.21"]
[Round "3"]
[White "Ronconi, Fausto"]
[Black "Regorda, Massimiliano"]
[Result "0-1"]
[WhiteElo "1730"]
[BlackElo "1862"]
[PlyCount "74"]
[EventDate "2006.11.07"]

1. c4 e5 2. Nc3 Nc6 3. Nf3 d6 4. g3 f5 5. d3 Nf6 6. Bg2 g6 7. Bg5 Bg7 8. Nd5
O-O 9. Qb3 Kh8 10. e3 Rb8 11. Nd2 Be6 12. O-O Qd7 13. Nxf6 Bxf6 14. Bxf6+ Rxf6
15. f4 b5 16. Qc3 b4 17. Qc1 exf4 18. Rxf4 g5 19. Rf2 Ne5 20. Qf1 Rh6 21. Bd5
Ng4 22. Bxe6 Qxe6 23. Re2 Nxe3 24. Qf3 f4 25. Nf1 Re8 26. Nxe3 fxe3 27. b3 Rf6
28. Qg2 Ref8 29. Rae1 Rf3 30. Kh1 g4 31. Qg1 Re8 32. Kg2 Qf5 33. Rxe3 Rf8 34.
Re8 Rf2+ 35. Qxf2 Qxf2+ 36. Kh1 Rxe8 37. Rxe8+ Kg7 0-1

[Event "Open Autunno"]
[Site "Ceriano Laghetto ITA"]
[Date "2006.11.21"]
[Round "3"]
[White "Squillante, Michele"]
[Black "Megassini, Stefano"]
[Result "1-0"]
[WhiteElo "1721"]
[BlackElo "1527"]
[PlyCount "123"]
[EventDate "2006.11.07"]

1. d4 Nf6 2. Nf3 d6 3. Bg5 g6 4. Nbd2 Bg7 5. e3 O-O 6. Bd3 Nbd7 7. O-O b6 8. c3
Bb7 9. Re1 c5 10. Rc1 a6 11. e4 cxd4 12. cxd4 h6 13. Bh4 e5 14. Nc4 Qe7 15.
dxe5 dxe5 16. Bb1 Rfd8 17. Qb3 b5 18. Na5 Rab8 19. Rc7 Ba8 20. Rec1 Qe8 21. Qe3
Rdc8 22. Qa7 g5 23. Bg3 Nxe4 24. Qxa6 Rxc7 25. Rxc7 Nec5 26. Qd6 Rb6 27. Qd2
Qb8 28. Rxd7 Nxd7 29. Nb3 Rd6 30. Qc2 Qc7 31. Qh7+ Kf8 32. h3 Rd1+ 33. Kh2 Bxf3
34. gxf3 Qc6 35. Qf5 Qc4 36. Bc2 Rd5 37. Na5 Qc5 38. Bb3 Nf6 39. Bxd5 Qxd5 40.
Qc8+ Ne8 41. Qc6 Qxc6 42. Nxc6 e4 43. fxe4 Bxb2 44. f3 Bc3 45. Bf2 Nc7 46. Kg2
Ne6 47. Be3 Ke8 48. Na7 b4 49. Nb5 Be1 50. Kf1 Bc3 51. Nxc3 bxc3 52. Ke2 Kd7
53. Kd3 Kc6 54. Kxc3 Kb5 55. Kb3 Ng7 56. a4+ Ka6 57. Kb4 Ne6 58. e5 Nc7 59. Kc5
Ka5 60. Kd6 Ne8+ 61. Ke7 f6 62. exf6 1-0

[Event "Open Autunno"]
[Site "Ceriano Laghetto ITA"]
[Date "2006.11.28"]
[Round "4"]
[White "D'Odorico, Roberto"]
[Black "Mingolla, Patrizio"]
[Result "1-0"]
[WhiteElo "1554"]
[BlackElo "1449"]
[PlyCount "111"]
[EventDate "2006.11.07"]

1. c4 c6 2. Nc3 e6 3. Nf3 Nf6 4. e4 d6 5. d4 Be7 6. Bd3 O-O 7. Qc2 h6 8. e5
Nfd7 9. Bf4 dxe5 10. dxe5 Bb4 11. O-O Bxc3 12. Qxc3 Qc7 13. Qd2 f5 14. exf6 e5
15. Bxh6 gxh6 16. Qxh6 Nxf6 17. Rfe1 Qg7 18. Qh4 e4 19. Bxe4 Nxe4 20. Qxe4 Bf5
21. Qh4 Nd7 22. Re7 Rf7 23. Rae1 Kf8 24. Rxf7+ Qxf7 25. Ng5 Qg7 26. Qf4 Qf6 27.
g4 Bg6 28. Ne6+ Kg8 29. Qd6 Rd8 30. Rd1 Re8 31. Qxd7 Qxe6 32. Qxe6+ Rxe6 33.
Rd8+ Kf7 34. Rd7+ Re7 35. Rxe7+ Kxe7 36. c5 Ke6 37. f4 Kd5 38. f5 Bf7 39. b4
Ke5 40. a3 b6 41. Kf2 bxc5 42. bxc5 Kd5 43. h4 Kxc5 44. h5 Kd5 45. h6 Bg8 46.
Ke3 Ke5 47. Kd3 c5 48. Kc3 Kf4 49. f6 Kg5 50. h7 Bxh7 51. f7 Kxg4 52. f8=Q Bf5
53. Qxc5 a6 54. Qb6 Bc8 55. Qd4+ Kf5 56. Qc5+ 1-0

[Event "Open Autunno"]
[Site "Ceriano Laghetto ITA"]
[Date "2006.11.28"]
[Round "4"]
[White "Gallavotti, Eugenio"]
[Black "Regorda, Vittorio"]
[Result "0-1"]
[WhiteElo "1715"]
[BlackElo "1885"]
[PlyCount "56"]
[EventDate "2006.11.07"]

1. e4 e6 2. d4 d5 3. Nc3 Bb4 4. e5 Ne7 5. a3 Bxc3+ 6. bxc3 c5 7. Qg4 O-O 8.
dxc5 Nbc6 9. Nf3 Qa5 10. Bd2 Qxc5 11. Bd3 f5 12. exf6 Rxf6 13. Bxh7+ Kxh7 14.
O-O e5 15. Qh5+ Kg8 16. Ng5 Bf5 17. g4 Bg6 18. Qh3 Raf8 19. Qh4 Bxc2 20. Nh3
Bd3 21. Rfd1 Rf3 22. Be1 Ng6 23. Qh5 Nf4 24. Nxf4 R8xf4 25. Ra2 Qc4 26. Rb2
Rxg4+ 27. Kh1 Qe4 28. h3 Rxh3# 0-1

[Event "Open Autunno"]
[Site "Ceriano Laghetto ITA"]
[Date "2006.11.28"]
[Round "4"]
[White "Lapiccirella, Daniele"]
[Black "Regorda, Massimiliano"]
[Result "1-0"]
[WhiteElo "2153"]
[BlackElo "1862"]
[PlyCount "49"]
[EventDate "2006.11.07"]

1. d4 d5 2. c4 e6 3. Nc3 Be7 4. cxd5 exd5 5. Qc2 Nf6 6. Bg5 h6 7. Bh4 c6 8. e3
Ne4 9. Bxe7 Qxe7 10. Nxd5 cxd5 11. Qxc8+ Qd8 12. Bb5+ Nc6 13. Bxc6+ bxc6 14.
Qxc6+ Kf8 15. Ne2 Rc8 16. Qa6 Rc2 17. O-O Qb6 18. Qxb6 axb6 19. Nf4 Nf6 20.
Rfc1 Rxc1+ 21. Rxc1 Ke7 22. f3 Kd7 23. Kf2 g5 24. Nd3 Rc8 25. Ne5+ 1-0

[Event "Open Autunno"]
[Site "Ceriano Laghetto ITA"]
[Date "2006.11.28"]
[Round "4"]
[White "Megassini, Stefano"]
[Black "Bertuolo, Sergio"]
[Result "1-0"]
[WhiteElo "1527"]
[BlackElo "1511"]
[PlyCount "79"]
[EventDate "2006.11.07"]

1. b3 e5 2. Bb2 d6 3. e3 Nc6 4. g3 Nf6 5. Bg2 Bf5 6. Ne2 Qc8 7. Nbc3 Bh3 8. O-O
Bxg2 9. Kxg2 Be7 10. d3 d5 11. f4 Bd6 12. fxe5 Nxe5 13. Nb5 Neg4 14. Nxd6+ cxd6
15. Bd4 O-O 16. Qd2 Ne5 17. Nf4 Re8 18. Kh1 b6 19. Qf2 Nfg4 20. Qg2 Nf6 21.
Nxd5 Nxd5 22. Qxd5 Qc6 23. Qxc6 Nxc6 24. Rf2 Nxd4 25. exd4 Re3 26. Raf1 Rae8
27. Rxf7 Re2 28. R7f2 Rxf2 29. Rxf2 Re1+ 30. Kg2 Ra1 31. a4 Ra2 32. Kf3 Ra1 33.
Ke4 a6 34. Kd5 Re1 35. Kxd6 Re8 36. d5 Rc8 37. Kd7 Rc5 38. c4 b5 39. b4 Rc7+
40. Kxc7 1-0

[Event "Open Autunno"]
[Site "Ceriano Laghetto ITA"]
[Date "2006.11.28"]
[Round "4"]
[White "Mondini, Francesco"]
[Black "Clerici, Samuele"]
[Result "0-1"]
[WhiteElo "1523"]
[BlackElo "1431"]
[PlyCount "76"]
[EventDate "2006.11.07"]

1. e4 e5 2. f4 exf4 3. Nf3 g5 4. Bc4 d6 5. O-O Be6 6. Bxe6 fxe6 7. d3 Nc6 8. c3
Qe7 9. Nxg5 Qxg5 10. Rxf4 Nf6 11. Qf3 Ne5 12. Qe2 Qh5 13. Qf1 Neg4 14. h3 Be7
15. d4 O-O-O 16. Qc4 d5 17. Qe2 Nh6 18. Qxh5 Nxh5 19. Rf2 Ng8 20. exd5 exd5 21.
Nd2 Ngf6 22. Nf3 Ne4 23. Re2 Nhg3 24. Re3 c5 25. dxc5 Bxc5 26. Nd4 Rhf8 27. Re1
Nf5 28. Be3 Nxe3 29. Rxe3 Bxd4 30. cxd4 Rd6 31. Re2 Rc6 32. b3 Rc3 33. Rd1 Rg3
34. Kh2 Rfg8 35. Rc1+ Kd7 36. Rd1 Nc3 37. Rdd2 Nxe2 38. Rxe2 Rd3 0-1

[Event "Open Autunno"]
[Site "Ceriano Laghetto ITA"]
[Date "2006.11.28"]
[Round "4"]
[White "Monticelli, Francesco"]
[Black "Ronconi, Fausto"]
[Result "0-1"]
[WhiteElo "1431"]
[BlackElo "1730"]
[PlyCount "106"]
[EventDate "2006.11.07"]

1. e4 e6 2. Nc3 d5 3. exd5 exd5 4. d4 Nf6 5. Nf3 Bb4 6. Bd2 c6 7. Bd3 O-O 8.
O-O Bg4 9. Re1 Bd6 10. Be2 Qc7 11. Ne5 Bxe2 12. Qxe2 Nbd7 13. Bf4 Rae8 14. a3
Re6 15. Rad1 Rfe8 16. g3 Nxe5 17. dxe5 Bxe5 18. Bxe5 Rxe5 19. Qd2 Qe7 20. Rxe5
Qxe5 21. b4 Ne4 22. Nxe4 Qxe4 23. c3 h5 24. h4 Kf8 25. Qd4 Qxd4 26. cxd4 Re2
27. Rd3 Ra2 28. Kg2 g6 29. Kg1 Kg7 30. Kg2 f6 31. Re3 Kf7 32. Rb3 Rd2 33. b5
Rxd4 34. bxc6 bxc6 35. Rb7+ Ke6 36. Rxa7 Rc4 37. Ra6 d4 38. Kf1 d3 39. Ke1 Rc2
40. f4 Kf5 41. Ra4 c5 42. Kd1 g5 43. fxg5 fxg5 44. Ra8 gxh4 45. Rf8+ Kg4 46.
Rd8 c4 47. gxh4 Kxh4 48. a4 Kg3 49. a5 Ra2 50. Rg8+ Kf4 51. Rc8 Rxa5 52. Rxc4+
Ke3 53. Rc1 Rg5 0-1

[Event "Open Autunno"]
[Site "Ceriano Laghetto ITA"]
[Date "2006.11.28"]
[Round "4"]
[White "Tomasetto, Mauro"]
[Black "Lapiccirella, Mattia"]
[Result "0-1"]
[WhiteElo "1641"]
[BlackElo "2237"]
[PlyCount "58"]
[EventDate "2006.11.07"]

1. d4 Nf6 2. c4 c5 3. d5 g6 4. Nc3 d6 5. e4 Bg7 6. f3 O-O 7. Bg5 e6 8. Qd2 exd5
9. cxd5 a6 10. a4 h6 11. Be3 Nbd7 12. Nh3 Kh7 13. Be2 Ne5 14. Nf2 Qa5 15. Ra3
Qb4 16. Qc2 Qa5 17. O-O Qd8 18. Qd2 g5 19. Kh1 Bd7 20. Rfa1 Rb8 21. a5 Ne8 22.
f4 gxf4 23. Bxf4 Qh4 24. Bg3 Qf6 25. Rf1 Qg6 26. Nd3 Nc4 27. Nf4 Nxd2 28. Nxg6
fxg6 29. Rd1 Bxc3 0-1

[Event "Open Autunno"]
[Site "Ceriano Laghetto ITA"]
[Date "2006.11.28"]
[Round "4"]
[White "Viale, Fabio"]
[Black "Squillante, Michele"]
[Result "1/2-1/2"]
[WhiteElo "1688"]
[BlackElo "1721"]
[PlyCount "50"]
[EventDate "2006.11.07"]

1. d4 Nf6 2. c4 g6 3. Nf3 Bg7 4. Nc3 d5 5. e3 O-O 6. Be2 b6 7. O-O Bb7 8. Rb1
e6 9. b4 dxc4 10. Bxc4 Nc6 11. a3 Ne7 12. Qe2 Nfd5 13. Bb2 Nxc3 14. Bxc3 Nd5
15. Ba1 Nf6 16. Bd3 Re8 17. Rfd1 Qe7 18. Rbc1 Nd5 19. Bb5 Red8 20. Bc6 Bxc6 21.
Rxc6 Rd6 22. Rdc1 Rxc6 23. Rxc6 Qd7 24. Qc2 Rc8 25. Qc1 Ne7 1/2-1/2

[Event "Open Autunno"]
[Site "Ceriano Laghetto ITA"]
[Date "2006.12.05"]
[Round "5"]
[White "Bertuolo, Sergio"]
[Black "Mondini, Francesco"]
[Result "1/2-1/2"]
[WhiteElo "1511"]
[BlackElo "1523"]
[PlyCount "86"]
[EventDate "2006.11.07"]

1. e4 e5 2. Nf3 d6 3. d4 Bg4 4. dxe5 Bxf3 5. Qxf3 dxe5 6. Bc4 Nf6 7. O-O Bd6 8.
Bg5 Nbd7 9. Nc3 O-O 10. Nd5 Kh8 11. c3 c6 12. Ne3 Nc5 13. Bxf6 Qxf6 14. Qxf6
gxf6 15. f3 Ne6 16. Nf5 Bc5+ 17. Kh1 Rg8 18. Nh6 Rg7 19. Nxf7+ Rxf7 20. Bxe6
Re7 21. Bf5 Rg7 22. Rad1 Rag8 23. Bh3 Be3 24. Rd3 Bf4 25. Rfd1 h5 26. Rd8 h4
27. Rxg8+ Rxg8 28. Rd7 Rg7 29. Rd8+ Rg8 30. Rxg8+ Kxg8 31. Bc8 b6 32. b3 Kf8
33. a4 Ke7 34. h3 Bd2 35. c4 Be3 36. Kh2 Bf4+ 37. Kg1 Kd6 38. b4 Bd2 39. b5
cxb5 40. axb5 Kc7 41. Be6 Kd6 42. Bd5 Kc5 43. Kf2 Bf4 1/2-1/2

[Event "Open Autunno"]
[Site "Ceriano Laghetto ITA"]
[Date "2006.12.05"]
[Round "5"]
[White "Clerici, Samuele"]
[Black "Tomasetto, Mauro"]
[Result "0-1"]
[WhiteElo "1431"]
[BlackElo "1641"]
[PlyCount "60"]
[EventDate "2006.11.07"]

1. e4 e6 2. d4 d5 3. Nc3 Nc6 4. e5 Nge7 5. Nf3 Nf5 6. Bg5 Qd7 7. g4 Nfe7 8. h4
b6 9. h5 Bb7 10. h6 O-O-O 11. hxg7 Bxg7 12. Qd2 Rdf8 13. Bf6 Rfg8 14. Ng5 Bxf6
15. exf6 Ng6 16. Bb5 a6 17. Bxc6 Bxc6 18. Nxh7 e5 19. f3 e4 20. O-O-O exf3 21.
Ng5 Rxh1 22. Rxh1 Qxg4 23. Nxf7 Qg2 24. Rh2 Qg1+ 25. Nd1 Rf8 26. Ne5 Rxf6 27.
Nxg6 Rxg6 28. Qf2 Bb5 29. Qxg1 Rxg1 30. Rf2 Be2 0-1

[Event "Open Autunno"]
[Site "Ceriano Laghetto ITA"]
[Date "2006.12.05"]
[Round "5"]
[White "Colombo, Fabio"]
[Black "Megassini, Stefano"]
[Result "1-0"]
[WhiteElo "1793"]
[BlackElo "1527"]
[PlyCount "103"]
[EventDate "2006.11.07"]

1. f4 b6 2. e4 Bb7 3. Nc3 e6 4. Nf3 Bb4 5. e5 d5 6. Nb5 a6 7. c3 Ba5 8. Na3 b5
9. b4 Bb6 10. d4 Nd7 11. Bd3 Qe7 12. Nc2 Ba7 13. a4 c6 14. Ba3 Nb6 15. a5 Nc4
16. Bc1 O-O-O 17. Ng5 Kc7 18. Qg4 f5 19. exf6 Nxf6 20. Qxe6 Rde8 21. Qxe7+
Rxe7+ 22. Kf2 h6 23. Nf3 Ng4+ 24. Kg3 Bc8 25. Ne5 Rhe8 26. Ra2 Ngxe5 27. fxe5
Rf8 28. Ne1 Ref7 29. Nf3 g5 30. h3 Be6 31. Re2 Kd7 32. Nh2 Bb8 33. Bg6 Rf6 34.
Bh5 Bc7 35. Bg4 R6f7 36. Rhe1 Ke7 37. Nf3 Bxg4 38. Kxg4 Ke6 39. Kh5 Bd8 40. Rf1
Rf5 41. Ref2 g4+ 42. Kxg4 Rg8+ 43. Ng5+ Rfxg5+ 44. Bxg5 Rxg5+ 45. Kf3 Nd2+ 46.
Rxd2 Rf5+ 47. Ke2 Rg5 48. g4 Rg7 49. Rf5 Bg5 50. Rd3 Bh4 51. Rdf3 Bg5 52. Rf8
1-0

[Event "Open Autunno"]
[Site "Ceriano Laghetto ITA"]
[Date "2006.12.05"]
[Round "5"]
[White "Fock, Giustino"]
[Black "Viale, Fabio"]
[Result "0-1"]
[WhiteElo "1392"]
[BlackElo "1688"]
[PlyCount "48"]
[EventDate "2006.11.07"]

1. d4 Nf6 2. c4 e6 3. Nc3 Bb4 4. Bd2 O-O 5. e4 Bxc3 6. Bxc3 Nxe4 7. Bb4 Re8 8.
Nf3 Nc6 9. Bd2 Qf6 10. Bc3 Nxc3 11. bxc3 e5 12. d5 e4 13. Nd4 Ne5 14. Be2 Nd3+
15. Bxd3 exd3+ 16. Kd2 Qxf2+ 17. Kc1 Qf4+ 18. Kb2 c5 19. Qxd3 cxd4 20. cxd4 Re3
21. Qd1 Qf2+ 22. Kc1 Rc3+ 23. Kb1 d6 24. a4 Bf5+ 0-1

[Event "Open Autunno"]
[Site "Ceriano Laghetto ITA"]
[Date "2006.12.05"]
[Round "5"]
[White "Lapiccirella, Mattia"]
[Black "Ronconi, Fausto"]
[Result "1-0"]
[WhiteElo "2237"]
[BlackElo "1730"]
[PlyCount "59"]
[EventDate "2006.11.07"]

1. d4 d5 2. c4 e6 3. Nf3 Nf6 4. Nc3 Nbd7 5. Bg5 Be7 6. e3 O-O 7. Qc2 h6 8. Bf4
dxc4 9. Bxc4 Nb6 10. Bb3 c6 11. O-O Bd6 12. Be5 Nfd5 13. Ne4 Bxe5 14. Nxe5 Nf6
15. Nc5 Nbd5 16. Rac1 Nd7 17. Nexd7 Bxd7 18. Nxb7 Qg5 19. Nc5 Be8 20. Qe4 Nf6
21. Qf3 e5 22. Rfe1 exd4 23. exd4 Qd2 24. Qe3 Qxb2 25. Rc2 Nd5 26. Rxb2 Nxe3
27. Rxe3 Kh8 28. Re7 f6 29. Ba4 Rd8 30. Ne6 1-0

[Event "Open Autunno"]
[Site "Ceriano Laghetto ITA"]
[Date "2006.12.05"]
[Round "5"]
[White "Monticelli, Francesco"]
[Black "D'Odorico, Roberto"]
[Result "0-1"]
[WhiteElo "1431"]
[BlackElo "1554"]
[PlyCount "98"]
[EventDate "2006.11.07"]

1. d4 Nf6 2. Nf3 g6 3. Bg5 Bg7 4. Nc3 d6 5. e3 O-O 6. Bc4 Nbd7 7. O-O c5 8. Re1
Nb6 9. Bb5 Qc7 10. h3 a6 11. Be2 Bd7 12. Qd2 Na4 13. b3 Nxc3 14. Qxc3 Ne4 15.
Qc4 b5 16. Qd3 Bf5 17. Qd1 Nxg5 18. Nxg5 cxd4 19. exd4 Bf6 20. Qd2 Qxc2 21.
Qxc2 Bxc2 22. Nf3 Rac8 23. Rac1 Be4 24. Rxc8 Rxc8 25. Nd2 Bd5 26. Bg4 e6 27.
Ne4 Bxe4 28. Rxe4 Rc1+ 29. Kh2 Rc2 30. a4 Rxf2 31. axb5 axb5 32. Be2 d5 33. Re3
Bxd4 34. Rd3 Rxe2 35. Rxd4 Re4 36. Rd1 Re3 37. b4 Re4 38. Rb1 Rc4 39. Kg1 f5
40. Kf2 Kf7 41. Kf3 e5 42. Ke3 d4+ 43. Kd2 e4 44. Rc1 Rxc1 45. Kxc1 Ke6 46. Kd2
Kd5 47. g4 f4 48. h4 f3 49. h5 f2 0-1

[Event "Open Autunno"]
[Site "Ceriano Laghetto ITA"]
[Date "2006.12.05"]
[Round "5"]
[White "Regorda, Massimiliano"]
[Black "Greco, Umberto"]
[Result "1-0"]
[WhiteElo "1862"]
[BlackElo "1575"]
[PlyCount "67"]
[EventDate "2006.11.07"]

1. e4 c5 2. Nf3 Nc6 3. Bb5 Nd4 4. Nxd4 cxd4 5. Bc4 e5 6. d3 Nf6 7. f4 Bb4+ 8.
Bd2 Bxd2+ 9. Qxd2 d6 10. O-O Ng4 11. fxe5 Nxe5 12. Qf2 Be6 13. Bxe6 fxe6 14.
Qxd4 Qc7 15. Nc3 Qc5 16. Qxc5 dxc5 17. Nb5 Ke7 18. Rf2 a6 19. Nc3 Rhf8 20. Raf1
Rxf2 21. Rxf2 Rf8 22. Rxf8 Kxf8 23. Na4 Nd7 24. Kf2 Kf7 25. Ke3 Kf6 26. d4 c4
27. Nc5 Nxc5 28. dxc5 e5 29. b4 cxb3 30. cxb3 Ke6 31. b4 h6 32. Kd3 Kd7 33. Kc4
Kc6 34. a4 1-0

[Event "Open Autunno"]
[Site "Ceriano Laghetto ITA"]
[Date "2006.12.05"]
[Round "5"]
[White "Regorda, Vittorio"]
[Black "Lapiccirella, Daniele"]
[Result "0-1"]
[WhiteElo "1885"]
[BlackElo "2153"]
[PlyCount "53"]
[EventDate "2006.11.07"]

1. c4 c6 2. Nf3 d5 3. g3 Nf6 4. b3 Bg4 5. Bg2 Nbd7 6. d3 e5 7. Nbd2 Bd6 8. Qc2
O-O 9. O-O Qe7 10. h3 Bh5 11. Re1 e4 12. dxe4 dxe4 13. Nh4 Be5 14. Rb1 e3 15.
Ndf3 exf2+ 16. Kxf2 Ne4+ 17. Kg1 Bxg3 18. Rd1 Ndf6 19. Be3 Bxh4 20. Nxh4 Ng3
21. Bf4 Nxe2+ 22. Kh1 Nxf4 23. Re1 Qc5 24. Nf3 Nxg2 25. Re5 Bxf3 26. Qxh7+ Kxh7
27. Rxc5 0-1

[Event "Open Autunno"]
[Site "Ceriano Laghetto ITA"]
[Date "2006.12.12"]
[Round "6"]
[White "Bertuolo, Sergio"]
[Black "Monticelli, Francesco"]
[Result "1-0"]
[WhiteElo "1511"]
[BlackElo "1431"]
[PlyCount "91"]
[EventDate "2006.11.07"]

1. e4 e5 2. Nf3 Nc6 3. Bb5 Nge7 4. d4 d6 5. dxe5 Bg4 6. Qd3 Bxf3 7. Qxf3 dxe5
8. O-O Ng6 9. Rd1 Bd6 10. c3 Qd7 11. Be3 b6 12. Na3 a6 13. Bc4 f6 14. Qf5 Qxf5
15. exf5 Nge7 16. Be6 b5 17. Nb1 Rb8 18. Nd2 Rd8 19. Ne4 b4 20. Nxd6+ Rxd6 21.
Rxd6 cxd6 22. Rd1 bxc3 23. bxc3 d5 24. Bc5 e4 25. Bxd5 Ne5 26. Bxe4 Kf7 27.
Bd5+ Nxd5 28. Rxd5 Re8 29. f4 Ng4 30. Rd7+ Kg8 31. Be7 Ne3 32. Rd8 Rxd8 33.
Bxd8 Nd5 34. c4 Nxf4 35. c5 Nd5 36. c6 g6 37. fxg6 hxg6 38. c7 Nxc7 39. Bxc7
Kf7 40. Kf2 f5 41. g3 Ke6 42. Ke3 Kf6 43. h4 Kg7 44. Kf4 Kh6 45. Bd8 Kg7 46.
Kg5 1-0

[Event "Open Autunno"]
[Site "Ceriano Laghetto ITA"]
[Date "2006.12.12"]
[Round "6"]
[White "Clerici, Samuele"]
[Black "Basile, Daniele"]
[Result "1/2-1/2"]
[WhiteElo "1431"]
[BlackElo "1697"]
[PlyCount "106"]
[EventDate "2006.11.07"]

1. e4 e6 2. d4 d5 3. Nc3 c6 4. Nf3 Bb4 5. e5 Ne7 6. Bd3 Ng6 7. O-O Nd7 8. Ne2
Be7 9. Nf4 c5 10. Nxg6 hxg6 11. Re1 c4 12. Bf1 b5 13. b3 a5 14. a4 cxb3 15.
cxb3 bxa4 16. bxa4 Bb4 17. Bd2 Ba6 18. Bxa6 Rxa6 19. Bxb4 axb4 20. Re2 Nb6 21.
Rb2 Qe7 22. a5 Nc4 23. Qa4+ Qd7 24. Qxd7+ Kxd7 25. Rxb4 Rxa5 26. Rb7+ Kc6 27.
Rxa5 Kxb7 28. Ra1 f6 29. exf6 gxf6 30. Re1 Re8 31. Nh4 g5 32. Nf5 e5 33. dxe5
Rxe5 34. Rxe5 fxe5 35. Ne3 Kc6 36. Kf1 Kc5 37. Ke2 d4 38. Nxc4 Kxc4 39. Kd2 e4
40. h3 Kd5 41. g3 Ke5 42. Ke2 Kf5 43. Kd2 Ke5 44. Ke2 Kd5 45. Kd2 Kc4 46. Kc2
d3+ 47. Kd2 Kd4 48. Kd1 Ke5 49. Kd2 Kf5 50. Ke3 g4 51. h4 Ke5 52. Kd2 Kd4 53.
Kd1 Ke5 1/2-1/2

[Event "Open Autunno"]
[Site "Ceriano Laghetto ITA"]
[Date "2006.12.12"]
[Round "6"]
[White "Fock, Giustino"]
[Black "Mondini, Francesco"]
[Result "0-1"]
[WhiteElo "1392"]
[BlackElo "1523"]
[PlyCount "79"]
[EventDate "2006.11.07"]

1. d4 d5 2. c4 dxc4 3. Nc3 Nf6 4. e4 e6 5. Bxc4 c6 6. Nf3 Nbd7 7. O-O Be7 8.
Re1 O-O 9. Bg5 h6 10. Bf4 b5 11. Bd3 Nh5 12. Bd2 b4 13. Ne2 Nhf6 14. Bc1 Bb7
15. Ng3 Rc8 16. Bc2 Qc7 17. Qd3 e5 18. Nf5 Rfe8 19. Nxe5 Nxe5 20. dxe5 Qxe5 21.
f4 Bc5+ 22. Kh1 Qxf5 23. Bd2 Qd7 24. Qxd7 Nxd7 25. e5 a5 26. a4 Ba7 27. Bb3 Nf8
28. f5 c5 29. e6 c4 30. exf7+ Kxf7 31. Bd1 Rxe1+ 32. Bxe1 Bd4 33. Bh5+ g6 34.
fxg6+ Nxg6 35. Rb1 Re8 36. Bh4 Kg7 37. Bg3 Rf8 38. h3 Nf4 39. Bxf4 Rxf4 40. Rd1
0-1

[Event "Open Autunno"]
[Site "Ceriano Laghetto ITA"]
[Date "2006.12.12"]
[Round "6"]
[White "Greco, Umberto"]
[Black "Megassini, Stefano"]
[Result "1/2-1/2"]
[WhiteElo "1575"]
[BlackElo "1527"]
[PlyCount "54"]
[EventDate "2006.11.07"]

1. Nf3 d6 2. d4 Nf6 3. c4 g6 4. Bg5 Bg7 5. Nc3 O-O 6. e4 Bg4 7. Be2 c5 8. d5
Nbd7 9. O-O Ne5 10. Nxe5 Bxe2 11. Qxe2 dxe5 12. Rad1 Ne8 13. Qe3 Nd6 14. b3 b6
15. Bh6 Bxh6 16. Qxh6 f6 17. Rd3 Nf7 18. Qh3 Ng5 19. Qg4 Qc8 20. Qxc8 Raxc8 21.
Rfd1 Nf7 22. Nb5 Nd6 23. Nc3 a6 24. f3 Kf7 25. Na4 Rb8 26. Nc3 Rfd8 27. Kf2 b5
1/2-1/2

[Event "Open Autunno"]
[Site "Ceriano Laghetto ITA"]
[Date "2006.12.12"]
[Round "6"]
[White "Lapiccirella, Daniele"]
[Black "Lapiccirella, Mattia"]
[Result "0-1"]
[WhiteElo "2153"]
[BlackElo "2237"]
[PlyCount "62"]
[EventDate "2006.11.07"]

1. d4 Nf6 2. c4 g6 3. Nc3 d5 4. Nf3 Bg7 5. Bg5 Ne4 6. cxd5 Nxg5 7. Nxg5 e6 8.
Qa4+ Bd7 9. Qb3 Qxg5 10. Qxb7 Bxd4 11. Qxa8 O-O 12. e3 Qe5 13. Rc1 exd5 14. Qb7
Nc6 15. Ne2 Bb6 16. Rxc6 Bxc6 17. Qxc6 Qxb2 18. Qc3 Qxa2 19. Nc1 Qa4 20. Qb3
Qa5+ 21. Ke2 d4 22. e4 Re8 23. f3 c5 24. Qc4 d3+ 25. Nxd3 Rd8 26. f4 Rd4 27.
Qc2 c4 28. Kd1 cxd3 29. Qd2 Qa1+ 30. Qc1 Qa4+ 31. Kd2 Ba5+ 0-1

[Event "Open Autunno"]
[Site "Ceriano Laghetto ITA"]
[Date "2006.12.12"]
[Round "6"]
[White "Regorda, Massimiliano"]
[Black "Regorda, Vittorio"]
[Result "1-0"]
[WhiteElo "1862"]
[BlackElo "1885"]
[PlyCount "68"]
[EventDate "2006.11.07"]

1. e4 e6 2. d4 d5 3. Nd2 Nc6 4. Ngf3 Nf6 5. exd5 Nxd5 6. Bb5 Bd7 7. Nb3 Bd6 8.
c3 O-O 9. O-O Nf4 10. Bxf4 Bxf4 11. Nc5 Rb8 12. g3 Bd6 13. Qc2 a6 14. Bd3 h6
15. Ne4 Be7 16. Rad1 f5 17. Nc5 Bc8 18. Bc4 Bxc5 19. dxc5 Qf6 20. Nd4 Nxd4 21.
Rxd4 Kh8 22. Re1 e5 23. Rd5 e4 24. Red1 c6 25. Rd6 Qe5 26. Qb3 Qxc5 27. Rd8 b5
28. Rxf8+ Qxf8 29. Be6 Bb7 30. Rd7 Qc5 31. Rf7 e3 32. Rxf5 exf2+ 33. Kf1 Bc8
34. Rxc5 Bxe6 1-0